000 00647nam a2200241Ia 4500
001 1557
003 GE_BSU
008 181216s||||||||xx |||||||||||||| ||und||
020 _a5060012298
040 _cGE_BSU
080 _a621.397(075.8)
100 _aБыков,Р.Е. Сигалов,В.М. Эйссенгардт,Г.А.
245 _aТелевидение.
245 _bУчебное пособие.
245 _cПод. ред. Р.Е.Быкова.
260 _aм.
260 _bВысш. школа.
260 _c1988.
300 _a247стр. 20 см.
541 _h8л.
653 _aТелевидение.
942 _cBK
999 _c35684
_d35684